LEADER 01186nam a2200265 i 4500 001 000000241336 003 CaOOAMICUS 005 20221017125330.0 008 150429s1680 it u000 u lat u 013 $a220241 026 $acone g-le i-os loso (3) 1680 (R) 040 $aSeMil$bita 100 1 $aOliva, Giovanni Paolo,$d<1600-1681>.$0(OLS)http://semarc/name/4938 245 10$a[Parte 1.1]. 300 $a[28], 450 p., [1] carta di tav. :$bantip. 500 $aAntip. calcogr. disegnata da C. Ferri e incisa da G. Chasteau 500 $aStemma di papa Alessandro 7. sull'antip. 500 $aSegn.: ?-2?4 3?6 A-3H4 700 1 $aChasteau, Guillaume .$0(OLS)http://semarc/name/80583 700 1 $aFerri, Ciro .$0(OLS)http://semarc/name/80582 773 0 $aOliva, Giovanni Paolo <1600-1681>$tPrediche dette nel palazzo apostolico da Gian Paolo Oliva. E ristampate.$dIn Roma : Presso il Varese, 1664-1680.$g1$w()31812 850 $aSeMil 852 $aSeMil$W1$xVenegono$y1$m3D VI 88 FA$j191682$B191682$CSeMilBibl$Z2$F202487 $8I 996 $6245$a[Parte 1.1]$9(OLS)http://semarc/title/343030 LEADER 01153nam a2200265 i 4500 001 000000198831 003 CaOOAMICUS 005 20220822085555.0 008 110311s1821 it u000 u ita u 013 $a177521 026 $anon- die- a.o, SiD' (7) 1821 (R) 040 $aSeMil$bita 100 1 $aMonti, Vincenzo,$d<1754-1828>.$0(OLS)http://semarc/name/11027 245 10$aIn morte di Ugo Bassville cantica del cav. Vincenzo Monti. 250 $aEdizione seconda riveduta dall'autore ed accresciuta di note. 260 $aMilano :$bDalla Società Tipogr. dei Classici italiani,$c1821. 300 $a94, [4] p. ;$c8°. 500 $aL'ultima c. è bianca 710 2 $aSocietà Tipografica de' Classici Italiani$c.$0(OLS)http://semarc/name/558 773 0 $t[Miscellanea.$w()24534 850 $aSeMil 852 $aSeMil$W1$xVenegono$y1$m5B I 17/4 FA$j149384$B149384$CSeMilBibl$Z2$F160780 $8I 996 $6245$aIn morte di Ugo Bassville cantica del cav. Vincenzo Monti$9(OLS)http://semarc/title/287404 996 $6260$aMilano :$bDalla Società Tipogr. dei Classici italiani$9(OLS)http://semarc/publisher/51259